Ortsteile, die Fußballfans kennen sollten - Europa - Statistiken

Allgemein
  • Dieses Quiz wurde 98 mal gespielt
  • Das Durchschnittsergebnis liegt bei 7 aus 16
Antwortstatistiken
Hinweis Ortsteil % Korrekt
Mailänder Stadion wird häufig so genannt, obwohl es ein Ortsteil ist San Siro
89%
Einziger Ortsteil Istanbuls, nach dem einer der 3 großen Vereine benannt wurde Besiktas
78%
Bekanntester Verein Rotterdams trägt den gleichen Namen, wie der Ortsteil Feijenoord
74%
Liverpooler Stadion wurde nach diesem Ortsteil benannt Anfield
73%
Stadtteil von London; Heimat der englischen Nationalmannschaft Wembley
68%
Heimat von Manchester United; das Stadion ist die alte Version dieses Ortes Trafford
62%
Vorstadt von Brüssel; Bekannter Verein trägt diesen Namen Anderlecht
56%
Verein aus diesem Vorort Kopenhagens ist größter Konkurrent des FC Kopenhagen Bröndby
49%
Ortsteil in Nord-London; Namensgeber des ehemaligen Arsenal-Stadions Highbury
35%
Ortsteil von Basel; FC Basel spielt im "Park" des Ortsteils St. Jakob
35%
Stadt nördlich von Paris; Heimat der französischen Nationalmannschaft Saint-Denis
33%
Heimat von zwei Premier League-Klubs; nur einer heißt wie der Ort Fulham
30%
Dieser Ortsteil von Sheffield wurde durch eine Katastrophe im dort liegenden Stadion bekannt Hillsborough
21%
Stadtviertel in Valencia; Namensgeber des Stadions Mestalla
20%
Rapid Wien-Fans und -Spieler werden wie die Einwohner dieses Ortsteils bezeichnet Hütteldorf
14%
Kleiner Ortsteil in Lissabon; Sporting CP spielt am Rande dieses Ortes Alvalade
2%
Keine übereinstimmenden Quizze gefunden
Verteilung der Resultate
Anzahl Personen mit jedem Resultat
Perzentil nach korrekt beantworteten Fragen
Ihre Resultats-Entwicklung
Sie haben dieses Quiz noch nicht gespielt